[Event "FRA-chT2B 0506"]
[Site "France"]
[Date "2005.11.20"]
[Round "3.7"]
[White "Rouquet, Ronan"]
[Black "Eustache, Boris"]
[Result "0-1"]
[WhiteElo "2050"]
[BlackElo "2156"]
[PlyCount "71"]
[EventDate "2005.10.27"]
[EventType "team-tourn"]
[EventRounds "11"]
[EventCountry "FRA"]
[SourceTitle "EXT 2006"]
[Source "ChessBase"]
[SourceDate "2005.11.24"]
[SourceVersion "1"]
[SourceVersionDate "2005.11.24"]
[SourceQuality "1"]
[WhiteTeam "Orcher La Tour II"]
[BlackTeam "Paris NAO II"]
[WhiteTeamCountry "FRA"]
[BlackTeamCountry "FRA"]

1. d4 e6 2. c4 d5 3. Nc3 Be7 4. Nf3 Nf6 5. Bg5 0-0 6. e3 h6 7. Bh4 b6 8. Bd3 dxc4 9. Bxc4 Bb7 10. 0-0 Nbd7 11. Re1 c5 12. Qe2 Ne4 13. Bxe7 Nxc3 14. bxc3 Qxe7 15. e4 cxd4 16. cxd4 Nf6 17. Bd3 Rac8 18. Rac1 Qa3 19. Rxc8 Rxc8 20. h4 Rc1 21. Qe3 Rxe1+ 22. Nxe1 Bxe4 23. Bxe4 Qxe3 24. Bh7+ Kxh7 25. fxe3 Ng4 26. e4 Nf6 27. e5 Ne4 28. a3 Kg6 29. g4 f5 30. exf6 Nxf6 31. Kg2 Nxg4 32. Kf3 Kf5 33. Ng2 g5 34. h5 b5 35. Ne1 Nf6 36. Nc2 0-1

[Event "France-ch U16"]
[Site "Reims"]
[Date "2004.12.04"]
[Round "3"]
[White "Rouquet, Ronan"]
[Black "Heinz, Timothee"]
[Result "1/2-1/2"]
[WhiteElo "2058"]
[BlackElo "2120"]
[PlyCount "80"]
[EventDate "2004.04.??"]
[EventType "swiss"]
[EventRounds "9"]
[EventCountry "FRA"]
[SourceTitle "EXT 2005"]
[Source "ChessBase"]
[SourceDate "2004.11.15"]
[SourceVersion "1"]
[SourceVersionDate "2004.11.15"]
[SourceQuality "1"]

1. d4 Nf6 2. c4 e6 3. Nc3 Bb4 4. f3 d5 5. a3 Bxc3+ 6. bxc3 c5 7. cxd5 Nxd5 8. dxc5 Qa5 9. e4 Nc7 10. Be3 0-0 11. Qb3 Nca6 12. Rb1 Nc6 13. Bb5 e5 14. Ne2 Be6 15. Qa4 Qxa4 16. Bxa4 Na5 17. Kf2 Nc4 18. Bb3 Nxe3 19. Bxe6 fxe6 20. Kxe3 Nxc5 21. Rhd1 Rfd8 22. c4 Kf7 23. Nc3 Ke7 24. Rxd8 Rxd8 25. Rd1 Rc8 26. Rb1 a6 27. Rb2 Rc7 28. Rb1 Kd8 29. Rb2 Kc8 30. g3 Rc6 31. f4 Nd7 32. Kd3 Nb6 33. c5 Nd7 34. Na4 Nxc5+ 35. Nxc5 Rxc5 36. Rb6 exf4 37. gxf4 e5 38. fxe5 Rxe5 39. Kd4 Rh5 40. e5 Kc7 1/2-1/2

[Event "FRA-ch U14"]
[Site "Hyeres"]
[Date "2002.??.??"]
[Round "5.5"]
[White "Rouquet, Ronan"]
[Black "Hamel, Olivier"]
[Result "0-1"]
[WhiteElo "1950"]
[BlackElo "2050"]
[PlyCount "90"]
[EventDate "2002.04.05"]
[EventType "swiss"]
[EventRounds "9"]
[EventCountry "FRA"]
[SourceTitle "EXT 2003"]
[Source "ChessBase"]
[SourceDate "2002.11.25"]
[SourceVersion "1"]
[SourceVersionDate "2002.11.25"]
[SourceQuality "1"]

1. d4 Nf6 2. c4 g6 3. Nc3 Bg7 4. e4 d6 5. f4 0-0 6. Nf3 c5 7. d5 e6 8. Be2 exd5 9. cxd5 Re8 10. e5 dxe5 11. fxe5 Ng4 12. 0-0 Nxe5 13. Bf4 Bf5 14. Bxe5 Bxe5 15. Qd2 Bg7 16. Rae1 Nd7 17. Qf4 Ne5 18. Nh4 Nd3 19. Bxd3 Rxe1 20. Rxe1 Bxd3 21. d6 g5 22. Qg3 gxh4 23. Qxd3 Bd4+ 24. Kh1 Qxd6 25. Nb5 Qg6 26. Qf3 Kg7 27. Qxb7 Re8 28. Rf1 Re2 29. Qf3 Rxb2 30. Nxa7 Rxa2 31. Nb5 Ra1 32. Nxd4 Rxf1+ 33. Qxf1 cxd4 34. Qd1 Qe4 35. Kg1 h6 36. h3 Qe3+ 37. Kf1 Qf4+ 38. Ke2 Qe3+ 39. Kf1 f5 40. Qc2 Qf4+ 41. Kg1 Qe3+ 42. Kf1 d3 43. Qc7+ Kg6 44. Qd6+ Kh5 45. g3 Qf3+ 0-1